书目信息 |
| 题名: |
当代中国建筑师:戴志中
|
|
| 作者: | 戴志中 编著 | |
| 分册: | ||
| 出版信息: | 北京 中国建筑工业出版社 1999.07 |
|
| 页数: | 231页 | |
| 开本: | 16开 | |
| 丛书名: | ||
| 单 册: | ||
| 中图分类: | TU206 | |
| 科图分类: | ||
| 主题词: | 建筑设计 | |
| 电子资源: | ||
| ISBN: | 7-112-03873-1 | |
| 000 | 00579nam0 2200193 45 | |
| 001 | 0009221523 | |
| 005 | 20001021091640.0 | |
| 010 | @a7-112-03873-1@d186.00元 | |
| 100 | @a20000922d1999 km y0chiy0120 ea | |
| 101 | 0 | @achi |
| 105 | @a z 000yy | |
| 200 | 1 | @a当代中国建筑师:戴志中@ADang Dai Zhong Guo Jian ZhuShi:Dai Zhi Zhong@f戴志中编著@FDai Zhi Zhong Bian Zhu |
| 210 | @a北京@c中国建筑工业出版社@d1999.07 | |
| 215 | @a231页@d16开 | |
| 606 | 0 | @a建筑设计 |
| 690 | @aTU206@v3 | |
| 701 | 0 | @a戴志中@4编著 |
| 801 | @aCN@bPftUser@c20000922 | |
| 905 | @dTU206@eD983@b179484-485@f2 | |
| 当代中国建筑师:戴志中/戴志中编著.-北京:中国建筑工业出版社,1999.07 |
| 231页;16开 |
| ISBN 7-112-03873-1:186.00元 |
| ● |
| 相关链接 |
|
|
|
正题名:当代中国建筑师:戴志中
索取号:TU206/D983
 
预约/预借
| 序号 | 登录号 | 条形码 | 馆藏地/架位号 | 状态 | 备注 |
| 1 | 179484 | 201794843 | 建筑库101/101建筑库 40排6列3层/ [索取号:TU206/D983] | 在馆 | |
| 2 | 179485 | 201794852 | 建筑库101/101建筑库 40排6列3层/ [索取号:TU206/D983] | 在馆 |